000 00616nam a2200229Ia 4500
003 OSt
005 20220928102059.0
006 a|||||r|||| 00| 0
007 ta
008 220927b |||||||| |||| 00| 0 eng d
024 _a53875
037 _cTextual
040 _aSDCL
_cSDCL
_beng
041 _2eng
_aeng
082 _aO152,6N171, L1
100 _aMathur Jagdish Chandra
_9392773
245 0 _aJinhone jeena jana.
260 _aDelhi
_bRadha Krishna Prakashan
_c1971
300 _a141p
_ccm.
942 _hO152,6N171, L1
_cTEXL
_2CC
999 _c712203
_d712203